Cardiothoracic surgical nursing / (Record no. 10281)
[ view plain ]
| 000 -LEADER | |
|---|---|
| fixed length control field | 00704nam a22002292 4500 |
| 001 - CONTROL NUMBER | |
| control field | 0000024443 |
| 005 - DATE AND TIME OF LATEST TRANSACTION | |
| control field | 20151217152302.0 |
| 008 - FIXED-LENGTH DATA ELEMENTS--GENERAL INFORMATION | |
| fixed length control field | 131122s xx 000 0 eng d |
| 020 ## - INTERNATIONAL STANDARD BOOK NUMBER | |
| International Standard Book Number | 0632059044 : |
| 040 ## - CATALOGING SOURCE | |
| Original cataloging agency | KABU |
| Transcribing agency | KABU |
| 100 1# - MAIN ENTRY--PERSONAL NAME | |
| Personal name | Margereson, Carl. |
| -- | 0000184558 |
| 245 10 - TITLE STATEMENT | |
| Title | Cardiothoracic surgical nursing / |
| Statement of responsibility, etc. | Carl Margereson, Jillian Riley. |
| 250 ## - EDITION STATEMENT | |
| Edition statement | 1st ed. |
| 260 ## - PUBLICATION, DISTRIBUTION, ETC. (IMPRINT) | |
| Place of publication, distribution, etc. | Oxford : |
| Name of publisher, distributor, etc. | Blackwell, |
| Date of publication, distribution, etc. | 2003. |
| 300 ## - PHYSICAL DESCRIPTION | |
| Extent | xi, 233 p. |
| 650 #0 - SUBJECT ADDED ENTRY--TOPICAL TERM | |
| Topical term or geographic name as entry element | Chest |
| General subdivision | Surgery |
| -- | Nursing. |
| -- | 0000184559 |
| 650 #0 - SUBJECT ADDED ENTRY--TOPICAL TERM | |
| Topical term or geographic name as entry element | Heart |
| General subdivision | Surgery |
| -- | Nursing. |
| -- | 0000184560 |
| 700 1# - ADDED ENTRY--PERSONAL NAME | |
| Personal name | Riley, Jillian. |
| -- | 0000184561 |
| 852 1# - LOCATION | |
| -- | p7600 KES |
| 908 ## - PUT COMMAND PARAMETER (RLIN) | |
| Put command parameter | 131122 |
| 950 ## - LOCAL HOLDINGS (RLIN) | |
| -- | 1 |
| Withdrawn status | Lost status | Source of classification or shelving scheme | Not for loan | Home library | Current library | Date acquired | Total Checkouts | Full call number | Barcode | Date last seen | Price effective from | Koha item type |
|---|---|---|---|---|---|---|---|---|---|---|---|---|
| Library of Congress Classification | Kabarak, Main Campus | Kabarak, Main Campus | 17/12/2015 | RD536 .M37 2003 c. 1 | 016197 | 17/12/2015 | 17/12/2015 | General Collection |